Score 0/20 Timer 05:00
0 Plays Today
% Correct
Canine
75.8%
Lunar
71.8%
Feminine
71.5%
Legal
70.6%
Pacify
70.1%
Magnitude
68.7%
Maritime
68.6%
Vulpine
68.3%
Nutrition
68.3%
Dominion
68.1%
% Correct
Option
66.9%
Nihilism
66.2%
Ossify
65.2%
Rural
64.5%
Urban
64.2%
Dowry
60.6%
Virile
59.2%
Nocturnal
54.7%
Village
46.5%
Exonerate
40.7%
Remove Ads.
Support Sporcle.
Get the best of Sporcle when you Go Orange. This ad-free experience offers more features, more stats, and more fun while also helping to support Sporcle. Thank you for becoming a member.

You're not logged in!

Compare scores with friends on all Sporcle quizzes.
OR
Log In

Show Comments

Extras

Top Quizzes Today


Score Distribution

Your Account Isn't Verified!

In order to create a playlist on Sporcle, you need to verify the email address you used during registration. Go to your Sporcle Settings to finish the process.

Report this User

Report this user for behavior that violates our Community Guidelines.

Details: